000 00519cam a2200193ua 4500
020 _a0 07 y66560 5
_c254.00
041 _aeng
_h
082 _a621.801
_bSHI/TH
100 _aShgleg, Joseph Edward .
245 _aTheory of machines and mechanisms /
_cJoseph Edward Shigleg.
_hTextual Documents
250 _a1 /
_b.
260 _aSingapore :
_bMcGraw Hill Book Company ,
_c1981.
300 _a577 ; .
365 _a254.00
504 _a
942 _cBK
999 _c8987
_d8987